00460 2200157 4500001002100000008004100021035002000062245008300082260003600165300002300201020001800224084001700242082001100259650001900270990001300289INLIS000000000000387 ind  a0010-0921000387 aSekolah Para NabibMenabur Kasih sayang di BumicMuhammad Basam Rusydi Az-Zain aYogyakartabPustaka Marwac2007 a306c15 cm x 23 cm a9789792399776 a297.34 MUH s a297.34 aNabi dan Rasul aDI. 2545